U.S. Baby Boy Names by Decade Letter A - Statistics

General Stats
  • This quiz has been taken 460 times
  • The average score is 27 of 45
Answer Stats
Years Name % Correct
1930, 1940, 1950, 1960, 1970, 1980, 1990 Allen
100%
1930, 1940, 1950,1960, 1970, 1980, 1990, 2000, 2010 Alan
99%
1930, 1940, 1950, 1960, 1970 Allan
99%
1930, 1940, 1950, 1970, 1970, 1980, 1990, 2000, 2010, 2020 Alex
91%
1930, 1940, 1950, 1960, 1970, 1980, 1990, 2000, 2010, 2020 Alexander
91%
2000 Alexis
91%
1960, 1970, 1980, 1990, 2000 andre
90%
1990, 2000, 2010 andres
90%
1930, 1940, 1950, 1960, 1970,1980, 1990, 2000, 2010, 2020 Andrew
85%
1930, 1940, 1950, 1960, 1970, 1980, 1990, 2000, 2010, 2020 Aaron
84%
2000, 2010 Aidan
81%
2010, 2020 Aiden
81%
1930, 1940, 1950, 1960, 1970, 1980, 1990, 2000, 2010, 2020 Anthony
81%
2010, 2020 Ayden
81%
1960, 1970, 1980, 1990, 2000, 2010, 2020 Adam
80%
1930, 1940, 1950, 1960, 1970, 1980, 1990, 2020 Arthur
79%
2010, 2020 Asher
74%
2010, 2020 Ashton
74%
1930, 1940, 1950, 1960, 1970, 1980, 1990 Albert
72%
1990, 2000, 2010 Abraham
70%
1930, 1940, 1950, 1960, 1970, 1980, 1990, 2000, 2010 Antonio
69%
1930,1940, 1950, 1960, 1970 Alfred
63%
1960, 1970, 1980, 1990, 2000, 2010, 2020 Adrian
62%
1950, 1960, 1970, 1980, 1990, 2000 Andy
61%
2010, 2020 axel
61%
1930, 1940, 1950 Archie
59%
1980, 1990, 2000, 2010, 2020 Austin
58%
2020 Abel
52%
1930, 2020 august
49%
1930, 1940, 1950, 1960, 1970, 1980 alvin
47%
1930, 1940, 1950, 1960 Arnold
45%
1980, 1990, 2000, 2010 Alejandro
37%
1960, 1970, 1980, 1990, 2000, 2010, 2020 angel
37%
2000 Alec
33%
1930, 1940 Amos
33%
1950, 1960, 1970, 1980, 1990, 2000 Armando
32%
1930, 1940, 1950, 1960, 1970, 1980, 1990 Angelo
30%
1930, 1940 Aubrey
27%
1990 Arturo
26%
1940 alfonso
24%
2020 atlas
23%
2020 amir
22%
1950 alonzo
19%
1930, 1940, 1950, alton
18%
2020 Adriel
14%
No matching quizzes found
Score Distribution
Percent of People with Each Score
Percentile by Number Answered
Your Score History
You have not taken this quiz